000 00341nam a2200133Ia 4500
005 20260326235456.0
008 260326s9999||||xx |||||||||||||| ||und||
100 _aFavole, Paolo
245 0 _aStrade Urbane :
_b Architettura e arredo /
_cPaolo Favole
260 _bTecniche Nuove
300 _a191 p.
650 _aDISEÑO URBANO
942 _cBK
999 _c7940
_d7940